00873nam a2200217 i 4500001001000000003000900010005001700019007000300036008004100039040003000080041000800110082001700118111012000135245004400255246015300299264008900452300002500541336002700566337003400593338002800627000031703DO-SdBNP20260218121337.0ta110303s1993 dr 000 0 spa d aDO-SdBNPbspacBNPHUerda aspa 4axxxbxxx2222 aSecretaria de Estado de Educación, Bellas Artes y Cultosn(15 de julio al 31 de agosto :d1993 : cSanto Domingo)10aA tiempo :bagenda cultural dominicana. aLa ley de servicio civil avanza :bLa ley de servicio civil. Programa de orientación sobre el código de trabajo de la administración pública 1aSanto Domingo :bSecretaría de Estado de Educación Bellas Artes y Cultos,c1993. a30 paginas ;c22 cm. atextobtxt2rdaconten. asin mediación bn2rdamedia avolumenbnc2rdacarrier